La escritura invisible : el discurso autobiográfico en Alejandra Pizarnik /

Bibliographic Details
Main Author: Venti, Patricia
Format: Electronic eBook
Language:Spanish
Published: Rubí, Barcelona : Anthropos, Editorial, 2008.
Edition:1. ed.
Series:Pensamiento crítico/pensamiento utópico ; 176.
Pensamiento crítico/pensamiento utópico ; Cultura y diferencia.
Subjects:
Online Access:Digitalia Hispánica

MARC

LEADER 00000nam a2200000Ii 4500
001 DIGANT0223
003 NyNyDIG
006 m o d
007 cr |||||||||||
008 120901s2008 sp ob 000 0 spa d
020 |z 9788476588949 
020 |z 8476588941 
035 |a (OCoLC)679951278 
040 |a DGITA  |b eng  |e pn  |c DGITA 
043 |a cl----- 
050 1 4 |a PQ7797.P576 eBook 
100 1 |a Venti, Patricia. 
245 1 3 |a La escritura invisible :  |b el discurso autobiográfico en Alejandra Pizarnik /  |c Patricia Venti. 
250 |a 1. ed. 
264 1 |a Rubí, Barcelona :  |b Anthropos, Editorial,  |c 2008. 
300 |a 1 online resource (253 pages) 
336 |a text  |b txt  |2 rdacontent 
337 |a computer  |b c  |2 rdamedia 
338 |a online resource  |b cr  |2 rdacarrier 
490 1 |a Pensamiento crítico/pensamiento utópico ;  |v 176 
490 1 |a Cultura y diferencia. Teoría feminista y cultura contemporánea 
504 |a Includes bibliographical references (p. 229-251). 
600 1 0 |a Pizarnik, Alejandra,  |d 1936-1972  |x Criticism and interpretation. 
650 0 |a Autobiography in literature. 
655 0 |a Electronic books. 
791 2 |a Digitalia (Firm),  |e distributor. 
830 0 |a Pensamiento crítico/pensamiento utópico ;  |v 176. 
830 0 |a Pensamiento crítico/pensamiento utópico ;  |p Cultura y diferencia. 
793 0 |g Digitalia eBook Collection:  |a Anthropos 
856 4 0 |3 Digitalia Hispánica  |u https://www.digitaliapublishing.com/a/13279/ 
910 |a Premium Collection: 2007-2012